Gwiazda, Adam: Miedzynarodowa wospólzaleznosc ekonomiczna we wospólczesnym swiecie (Medzinárodná vzájomná ekonomická závislosť v súčasnom svete.)

Bibliographic Details
Main Authors: Šíbl, Drahoš, 1934-2007 (Author), Gwiazda, Adam (Author)
Format: Article
Language:Slovak
Subjects:

MARC

LEADER 00000nab a2200000 a 4500
001 vtls000271089
003 SK-MaSNL
005 20260304061552.0
008 250422c1986 xo 0 slo
015 |a SNBRB19rr/mm-uuuuu 
035 |a CL0281203 
035 |a urn:nbn:sk:snk-ab6qq3 
035 |a (uuid)15157ad0-a234-4224-8eb5-98e5d4a45f8b 
035 |a (urnnbn)urn:nbn:sk:snk:ar-a0591c 
035 |a (sysno)vtls000271089 
040 |a SNKBUCL  |b slo  |c SNKBUCL  |e AACR2 
041 0 |a slo 
044 |a xo  |c SK 
080 |a 339.9  |2 1981 
100 1 |a Šíbl, Drahoš,  |d 1934-2007  |4 aut  |9 244648 
245 1 0 |a Gwiazda, Adam: Miedzynarodowa wospólzaleznosc ekonomiczna we wospólczesnym swiecie  |b (Medzinárodná vzájomná ekonomická závislosť v súčasnom svete.)  |c Drahoš Šíbl ; Adam Gwiazda 
650 0 7 |a hospodárstvo svetové  |2 snkbucl  |9 385082 
655 7 |a články z novín a časopisov  |2 snkbucl  |9 267496 
700 1 |a Gwiazda, Adam  |4 aut  |9 1269863 
773 0 |t Ekonomický časopis  |g Roč. 34, č. 10 (1986), s. 968-969 
787 0 8 |i Rec.:  |a Gwiazda, Adam  |t Miedzynarodowa wospólzaleznosc ekonomiczna we wospólczesnym swiecie  |d Warszawa : Pánstwowe wydawnictvo Naukowe, 1985 
850 |a Slovenská národná knižnica 
852 |a Slovenská národná knižnica 
954 |a odborná, vedecká literatúra pôvodná (slovenská)  |2 lita 
958 |a article27 
958 |a RK 
958 |a OND 
958 |a EUIPO 
992 |a RBX 
999 |c 2733744  |d 2735674